Experimental methods in psychology - Statistics

General Stats
  • This quiz has been taken 45 times
  • The average score is 4 of 10
Answer Stats
Hint Answer % Correct
A measure of accuracy within a study Validity
73%
A type of experiment where the researcher doesn't manipulate the IV Natural/Quasi experiment
61%
A measure of consistency of the results of a study Reliability
58%
Type of experiment conducted in a controlled environment Laboratory experiment
39%
A measure of if a study can be copied exactly and repeated Replicability
39%
A participant choosing to take part in the study Consent
33%
A measure of how true to real life a study is Ecological validity
30%
When the same method is used every time in an experiment Standardised procedure
27%
Where field experiments are conducted Natural environment
12%
A place or situation that mimics a natural environment Artificial environment
6%
No matching quizzes found
Score Distribution
Percent of People with Each Score
Percentile by Number Answered
Your Score History
You have not taken this quiz